| 000 | 00481nam a2200145Ia 4500 | ||
|---|---|---|---|
| 008 | 220326s9999||||xx |||||||||||||| ||und|| | ||
| 020 | _a979-538-229-2 | ||
| 084 | _a10040 SED Gov Bo.3b | ||
| 100 | _aSedarmayanti | ||
| 245 | 0 | _aGood Governance (Kepemerintahan Yang Baik), Dalam Rangka Otonomi Daerah | |
| 260 |
_aBandung _bMandar Maju _c2003 |
||
| 300 | _ax + 210 halaman | ||
| 650 |
_aGovernment (Pemerintahan) _eG-O-V _yGood Governance, otonomi daerah, pemberdayaan |
||
| 942 | _cBK | ||
| 999 |
_c12531 _d12531 |
||